Statistics for Five by Continent: Most Remote Capitals from Capitals in other Continents

Click here to take the quiz!

General Stats

  • This quiz has been taken 85 times
  • The average score is 21 of 30

Answer Stats

DClosestCapital% Correct
3,302 CaracasWashington
96%
3,873 ReykjavikOttawa
95%
3,130 QuitoMexico City
91%
3,471 AlgiersReykjavik
88%
2,570 TunisOslo
87%
2,396 AnkaraStockholm
83%
6,035 DiliWellington
82%
5,020 Port-of-SpainBuenos Aires
81%
2,318 AnkaraHelsinki
81%
4,787 Panama CitySantiago
81%
5,069 Port-of-SpainMontevideo
78%
4,000 Port-of-SpainAsunción
77%
4,649 MoscowUlaanbaatar
73%
2,156 CaracasHavana
71%
2,243 AnkaraTallinn
71%
3,310 Port-of-SpainSucre
69%
5,131 Sana'aWindhoek
69%
6,099 Sana'aCape Town
68%
6,850 DiliApia
67%
4,916 Sana'aPretoria
67%
5,805 DiliSuva
67%
5,108 VictoriaThimphu
56%
6,488 DiliNuku'alofa
55%
5,898 DiliFunafuti
54%
4,739 DjiboutiKathmandu
53%
5,259 Sana'aMaseru
51%
2,126 BogotáBelmopan
50%
5,287 Sana'aBloemfontein
49%
4,921 VictoriaDhaka
45%
4,368 MelekeokNaypyidaw
41%

Score Distribution

Percentile by Number Answered

Percent of People with Each Score

Your Score History

You have not taken this quiz